=LDR 00000nam 2200000 4500 =001 INLIS000000000036365 =005 20200220095626 =035 ##$$a 0010-061300000036365 =008 200220################g##########0#ind## =020 ##$$a 978-979-27-8688-0 =082 ##$$a 153.3 =100 ##$$a Olivia, Femi =245 1#$$a Mengoptimalkan otak supaya awet muda, : $b Suntik pusat kebahagiaan otak dengan suntikan happy dan bikin hidup lebih meyenangkan /$c Femi Olivia =260 ##$$a Jakarta :$b Gramedia,$c [s.a] =084 ##$$a 153.3 OLI m =300 ##$$a xviii, 199 hlm. : $b ilus. ; $c 14x21 cm. =650 #4$$a Kemauan =990 ##$$a 21102821 =990 ##$$a 21102820